[Event "1/32 Finale"]
[Site "www.chess-mail.com"]
[Date "2015.07.20"]
[Round "1"]
[White "Bevittsmith"]
[Black "Greghghs"]
[WhiteElo "2260"]
[BlackElo "2390"]
[Result "0-1"]
[Round "1"]
1.e4 c5
2.Ng1f3 d6
3.d4 cxd4
4.Nf3xd4 Ng8f6
5.Nb1c3 Nb8c6
6.Bc1g5 Bc8d7
7.Qd1d2 Ra8c8
8.O-O-O Nc6xd4
9.Qd2xd4 Qd8a5
10.f4 Rc8xc3
11.bxc3 e5
12.Qd4b4 Qa5xb4
13.cxb4 Nf6xe4
14.Bg5h4 g5
15.fxg5 Bf8e7
16.Rd1e1 Be7xg5
17.Bh4xg5 Ne4xg5
18.Bf1c4 Ke7
19.Rh1f1 h5
20.Bc4d5 Bd7e6
21.Bd5xe6 Ng5xe6
22.Rf1f2 f6
23.Kb2 d5
24.c3 Ne6g5
25.Re1d1 Ke6
26.Rf2e2 f5
27.Re2c2 Ng5e4
28.c4 d4
29.c5 Kd5
30.Rd1f1 f4
31.Rf1f3 h4
32.Rf3a3 h3
33.Ra3xh3 Rh8xh3
34.gxh3 f3
35.Rc2c1 Ne4f2
36.Kc2 e4
{ resign }
0-1

[Event "1/64 Finale"]
[Site "www.chess-mail.com"]
[Date "2015.07.20"]
[Round "1"]
[White "Nimzo"]
[Black "Dominiquer"]
[WhiteElo "2690"]
[BlackElo "1740"]
[Result "1-0"]
[Round "1"]
1.d4 f5
2.g3 e6
3.Bf1g2 Ng8f6
4.Ng1f3 d5
5.O-O Bf8d6
6.c4 c6
7.b3 Nb8d7
8.Bc1a3 Bd6xa3
9.Nb1xa3 Nf6e4
10.Na3c2 Nd7f6
11.Nc2b4 a5
12.Nb4d3 O-O
13.e3 b6
14.Nf3e5 c5
15.f3 Ne4g5
16.dxc5 dxc4
17.bxc4 bxc5
18.f4 Ng5e4
19.Nd3xc5 Ne4d2
20.Bg2xa8 Nd2xf1
21.Qd1xd8 Rf8xd8
22.Kxf1 Nf6g4
23.Ne5xg4 fxg4
24.Ra1b1 Bc8d7
25.Nc5xd7 Rd8xa8
26.Rb1b7 a4
27.c5 a3
28.c6 Ra8a4
29.c7 { resign }
1-0

[Event "1/16 Finale"]
[Site "www.chess-mail.com"]
[Date "2015.07.20"]
[Round "1"]
[White "Ostapbender"]
[Black "Stepanpech"]
[WhiteElo "2660"]
[BlackElo "2450"]
[Result "1-0"]
[Round "1"]
1.d4 Ng8f6
2.c4 e6
3.Nb1c3 Bf8b4
4.e3 O-O
5.Bf1d3 d5
6.Ng1f3 c5
7.O-O Nb8c6
8.a3 Bb4xc3
9.bxc3 dxc4
10.Bd3xc4 Qd8c7
11.Bc4d3 e5
12.Qd1c2 Rf8e8
13.dxe5 Nc6xe5
14.Nf3xe5 Qc7xe5
15.f3 Bc8d7
16.a4 Ra8d8
17.e4 Bd7c6
18.Bd3c4 b6
19.Bc1d2 Rd8d7
20.Rf1d1 Re8d8
21.Bd2e1 Nf6h5
22.Rd1xd7 Rd8xd7
23.Bc4f1 Nh5f4
24.a5 b5
25.Ra1d1 Rd7xd1
26.Qc2xd1 Nf4e6
27.a6 h6
28.Qd1a1 Qe5d6
{ time. }
1-0

[Event "1/32 Finale"]
[Site "www.chess-mail.com"]
[Date "2015.07.20"]
[Round "1"]
[White "Samael"]
[Black "Hennie4820"]
[WhiteElo "2110"]
[BlackElo "1980"]
[Result "1-0"]
[Round "1"]
1.e4 c5
2.Ng1f3 e6
3.Bf1e2 Ng8f6
4.d3 Nb8c6
5.O-O Bf8e7
6.Nb1c3 a6
7.h3 d6
8.a3 Qd8c7
9.Bc1d2 O-O
10.Nf3h2 b5
11.Nc3a2 Bc8b7
12.Ra1c1 Nc6d4
13.Nh2g4 Nd4xe2
14.Qd1xe2 a5
15.c3 d5
16.Ng4xf6 Be7xf6
17.f3 Rf8e8
18.Rc1e1 b4
19.a4 dxe4
20.fxe4 Ra8d8
21.Bd2f4 Qc7b6
22.e5 Bf6h4
23.Re1d1 c4
24.d4 b3
25.Na2c1 Qb6c6
26.Qe2g4 Bh4e7
27.Rf1f2 Rd8d7
28.Rd1f1 Be7f8
29.Nc1e2 f5
30.exf6 g6
31.Bf4e5 Rd7f7
32.h4 Bf8h6
33.Ne2f4 Qc6e4
34.Qg4e2 Qe4xe2
35.Rf2xe2 Bb7d5
36.g4 g5
37.hxg5 Bh6xg5
38.Nf4xd5 exd5
39.Kg2 h6
40.Rf1f5 Kh7
41.Kf3 Re8f8
42.Be5d6 Rf8d8
43.Bd6e7 Rd8e8
44.Re2e5 Kg6
45.Re5xd5 Bg5xf6
46.Be7xf6 Rf7xf6
47.Rf5xf6 Kxf6
48.Rd5xa5 Re8c8
49.Ra5c5 { resign }
1-0

[Event "1/64 Finale"]
[Site "www.chess-mail.com"]
[Date "2015.07.20"]
[Round "1"]
[White "Bluetealeaf"]
[Black "Grimsby"]
[WhiteElo "1720"]
[BlackElo "1710"]
[Result "1-0"]
[Round "1"]
1.e4 c6
2.Ng1f3 d5
3.Bf1d3 dxe4
4.Bd3xe4 Ng8f6
5.Qd1e2 Nf6xe4
6.Qe2xe4 Qd8d5
7.Qe4xd5 cxd5
8.O-O Nb8c6
9.c3 Bc8f5
10.d4 e6
11.Rf1e1 Bf8e7
12.Bc1f4 h6
13.Nb1d2 O-O
14.b4 a6
15.a4 Be7f6
16.Bf4d6 Rf8d8
17.Bd6c7 Rd8d7
18.Bc7b6 Nc6e7
19.Nd2b3 Ra8c8
20.Nb3c5 Rd7d6
21.a5 Ne7g6
22.Nc5xb7 Rd6c6
23.Nb7c5 Ng6f4
24.Nc5xa6 Rc6xc3
25.Na6c5 Nf4d3
26.Nc5xd3 Bf5xd3
27.a6 Bd3e4
28.a7  { time }
1-0

[Event "1/128 Finale"]
[Site "www.chess-mail.com"]
[Date "2015.07.20"]
[Round "1"]
[White "Birdchess"]
[Black "Traub"]
[WhiteElo "1720"]
[BlackElo "1730"]
[Result "0-1"]
[Round "1"]
1.c4 e5
2.Nb1c3 Ng8f6
3.g3 d5
4.cxd5 Nf6xd5
5.Bf1g2 Nd5b6
6.Ng1f3 Nb8c6
7.d3 Bf8d6
8.O-O h6
9.Bc1e3 Bc8e6
10.a3 f5
11.Be3xb6 axb6
12.Ra1c1 O-O
13.Nf3d2 Qd8f6
14.Nd2c4 Ra8d8
15.Nc4xd6 Rd8xd6
16.Nc3b5 Rd6d7
17.Qd1c2 Be6d5
18.Bg2xd5 Rd7xd5
19.Nb5c3 Rd5c5
20.Qc2d2 Rf8d8
21.Qd2e3 Nc6d4
22.Rf1d1 Nd4b3
23.Rc1b1 e4
24.dxe4 Nb3d4
 { time }
0-1

[Event "1/16 Finale"]
[Site "www.chess-mail.com"]
[Date "2015.07.20"]
[Round "1"]
[White "Pgcbies"]
[Black "E4player"]
[WhiteElo "2760"]
[BlackElo "2540"]
[Result "0-1"]
[Round "1"]
1.e4 c5
2.Ng1f3 e6
3.d4 cxd4
4.Nf3xd4 a6
5.Nb1c3 b5
6.Bf1d3 Bc8b7
7.O-O Qd8c7
8.Rf1e1 Bf8d6
9.Nd4f3 Bd6e7
10.e5 f5
11.Nf3h4 g6
12.Nh4f3 Nb8c6
13.a4 b4
14.Nc3b1 Be7f8
15.Nb1d2 Ng8h6
16.Nd2c4 Nh6f7
17.a5 Bf8c5
18.Bc1e3 Bc5xe3
19.Re1xe3 O-O
20.Qd1d2 Nc6e7
21.Nf3d4 Ne7d5
22.Re3e1 Ra8b8
23.h4 Qc7c5
24.Bd3f1 Rf8d8
25.Nd4b3 Qc5e7
26.Qd2d4 Rb8c8
27.Ra1d1 Rc8c7
28.g3 f4
29.Rd1d2 Rd8f8
30.Bf1g2 fxg3
31.fxg3 Nf7h6
32.Nc4b6 Nh6f5
33.Qd4d3 Kg7
34.Bg2e4 Bb7c6
35.Rd2f2 Bc6b5
36.Qd3d2 Bb5c6
37.Kg2 h5
38.Rf2f3 Rf8f7
39.Nb3d4 Qe7c5
40.Nd4xf5 { time. }
0-1

[Event "1/128 Finale"]
[Site "www.chess-mail.com"]
[Date "2015.07.20"]
[Round "1"]
[White "Wildsmokey"]
[Black "Genius7"]
[WhiteElo "2030"]
[BlackElo "1740"]
[Result "0-1"]
[Round "1"]
1.e4 c6
2.d4 d5
3.Nb1d2 dxe4
4.Nd2xe4 Ng8f6
5.Ne4xf6 exf6
6.Ng1f3 Bf8d6
7.Bf1d3 O-O
8.O-O Rf8e8
9.h3 Nb8d7
10.Rf1e1 Nd7f8
11.Re1xe8 Qd8xe8
12.Bc1e3 Nf8g6
13.c4 Bd6c7
14.Qd1c2 Bc8e6
15.d5 Be6d7
16.Ra1e1 Qe8d8
17.dxc6 Bd7xc6
18.Nf3d4 Qd8d6
19.g3 a6
20.Nd4xc6 Qd6xc6
21.Bd3e4 Qc6d7
22.Be4xb7 Ra8b8
23.Bb7g2 Bc7e5
 { time }
0-1

[Event "1/128 Finale"]
[Site "www.chess-mail.com"]
[Date "2015.07.20"]
[Round "1"]
[White "Guidom"]
[Black "Wildsmokey"]
[WhiteElo "2080"]
[BlackElo "2030"]
[Result "1-0"]
[Round "1"]
1.e4 e5
2.Ng1f3 Ng8f6
3.Nb1c3 Nb8c6
4.Bf1b5 Bf8b4
5.d3 d6
6.Bc1d2 O-O
7.O-O a6
8.Bb5xc6 bxc6
9.a3 Bb4c5
10.Bd2g5 h6
11.Bg5h4 Rf8e8
12.Rf1e1 g5
13.Bh4g3 Bc8g4
14.h3 Bg4h5
15.Ra1b1 Nf6d7
16.Nc3a4 Bc5a7
17.c3 Qd8f6
18.Kf1 Re8b8
19.b4 Kg7
20.Bg3h2 Bh5xf3
21.Qd1xf3 Qf6xf3
22.gxf3 a5
23.Na4b2 axb4
24.axb4 c5
25.Nb2c4 cxb4
26.cxb4 Ba7d4
27.b5 Nd7c5
28.Re1d1 Ra8a2
29.Bh2g3 Nc5a4
30.Rb1b3 Na4c3
31.Rd1c1 Nc3e2
32.Rc1b1 Ne2xg3
33.fxg3 Ra2f2
34.Ke1 Rf2xf3
35.b6 cxb6
36.Nc4xd6 Rb8a8
37.Nd6f5 Kh7
38.Rb1d1 Bd4c5
39.Rd1b1 Ra8a2
40.d4 Rf3xb3
41.Rb1xb3 exd4
42.g4  { time }
1-0

[Event "1/32 Finale"]
[Site "www.chess-mail.com"]
[Date "2015.07.20"]
[Round "1"]
[White "Pretorian"]
[Black "Stebac"]
[WhiteElo "2600"]
[BlackElo "2650"]
[Result "1-0"]
[Round "1"]
1.d4 d5
2.c4 e6
3.Nb1c3 Ng8f6
4.Ng1f3 Bf8e7
5.Bc1g5 h6
6.Bg5xf6 Be7xf6
7.e3 O-O
8.Ra1c1 c6
9.Bf1d3 dxc4
10.Bd3xc4 Nb8d7
11.O-O e5
12.Bc4b3 exd4
13.Nf3xd4 Nd7c5
14.Bb3c2 g6
15.Qd1f3 Bf6g7
16.Rf1d1 Qd8e7
17.h3 a5
18.Rd1d2 Bc8e6
19.Rc1d1 Ra8d8
20.a3 Be6c8
21.Qf3g3 Rf8e8
22.Nc3e2  { time }
1-0

[Event "1/64 Finale"]
[Site "www.chess-mail.com"]
[Date "2015.07.20"]
[Round "1"]
[White "Tomasseeber"]
[Black "Traub"]
[WhiteElo "2190"]
[BlackElo "1740"]
[Result "1-0"]
[Round "1"]
1.Ng1f3 d5
2.h3 c5
3.e4 dxe4
4.Nf3g5 Qd8d5
5.d3 Ng8f6
6.Nb1c3 Qd5c6
7.dxe4 Bc8d7
8.e5 Nf6g8
9.Bf1c4 e6
10.O-O a6
11.Nc3e4 b5
12.Bc4e2 Ng8h6
13.Be2f3 Qc6c7
14.Ne4d6 Bf8xd6
15.exd6 Qc7a7
16.Bf3xa8 Qa7xa8
17.Bc1f4 O-O
18.Qd1h5 f6
19.Ng5f3 { time. }
1-0

[Event "1/16 Finale"]
[Site "www.chess-mail.com"]
[Date "2015.07.20"]
[Round "1"]
[White "Vega"]
[Black "Echo314"]
[WhiteElo "2510"]
[BlackElo "2720"]
[Result "0-1"]
[Round "1"]
1.e4 c5
2.Ng1f3 Nb8c6
3.Nb1c3 e5
4.Bf1c4 Bf8e7
5.d3 d6
6.O-O Ng8f6
7.Bc1g5 O-O
8.Bg5xf6 Be7xf6
9.Nc3d5 Bc8e6
10.c3 Ra8b8
11.a4 g6
12.Qd1e2 Bf6g7
13.h3 Rb8c8
14.Rf1e1 Kh8
15.Nd5e3 Be6d7
16.b3 f5
17.Ra1c1 a6
18.Bc4d5 Rc8b8
19.Rc1a1 f4
20.Ne3f1 g5
21.Nf1d2 g4
22.hxg4 Bd7xg4
23.Ra1a2 Nc6e7
24.a5 Ne7xd5
25.exd5 Rf8f6
26.Nd2e4 Rf6g6
27.Kf1 Bg4h5
28.Qe2b2 Qd8e7
29.b4 Qe7f7
30.Nf3h4 Rg6g4
31.Nh4f3 Rg4xg2
32.Ne4d2 Qf7g6
33.Qb2b1 e4
34.dxe4 Bg7xc3
{ resign }
0-1

[Event "1/64 Finale"]
[Site "www.chess-mail.com"]
[Date "2015.07.20"]
[Round "1"]
[White "Powerchess"]
[Black "Cristiano"]
[WhiteElo "1430"]
[BlackElo "2150"]
[Result "0-1"]
[Round "1"]
1.d4 Ng8f6
2.c4 g6
3.g3 Bf8g7
4.Bf1g2 c6
5.e4 d6
6.Nb1c3 O-O
7.Ng1e2 e5
8.d5 c5
9.O-O a6
10.a4 Nb8d7
11.Qd1c2 Rf8e8
12.a5 b6
13.axb6 Nd7xb6
14.b3 Bc8d7
15.Bc1g5 Qd8c8
16.Ra1a5 Bd7h3
17.Bg5xf6 Bg7xf6
18.Rf1a1 Bh3xg2
19.Kxg2 Qc8b7
20.Qc2a2 Re8b8
21.h3 Bf6d8
22.Ra5a3 Bd8c7
23.Qa2d2 Kg7
24.f4 exf4
25.gxf4 Bc7d8
26.Qd2e3 Bd8e7
27.e5 dxe5
28.fxe5 Rb8e8
29.Qe3f4 a5
{ time. }
0-1

[Event "1/64 Finale"]
[Site "www.chess-mail.com"]
[Date "2015.07.20"]
[Round "1"]
[White "Tomasseeber"]
[Black "Jaroslavpech"]
[WhiteElo "2170"]
[BlackElo "2380"]
[Result "0-1"]
[Round "1"]
1.Ng1f3 Ng8f6
2.h3 d5
3.e3 c5
4.d4 e6
5.b3 Nb8c6
6.Bc1b2 cxd4
7.Bb2xd4 Nc6xd4
8.exd4 Bf8d6
9.Bf1e2 O-O
10.O-O b6
11.Be2d3 Nf6e4
12.Rf1e1 Bc8b7
13.Bd3xe4 dxe4
14.Nf3d2 f5
15.Nd2c4 Bd6f4
16.Nb1c3 Qd8g5
{ time. }
0-1

[Event "1/64 Finale"]
[Site "www.chess-mail.com"]
[Date "2015.07.20"]
[Round "1"]
[White "Derfel83"]
[Black "Emmanuel69"]
[WhiteElo "1850"]
[BlackElo "1980"]
[Result "1-0"]
[Round "1"]
1.e4 c6
2.d4 d5
3.Nb1c3 e6
4.Ng1f3 Nb8d7
5.a3 dxe4
6.Nc3xe4 Ng8f6
7.Bf1d3 h6
8.O-O Bf8e7
9.b4 O-O
10.Qd1e2 Rf8e8
11.Nf3e5 Nf6xe4
12.Bd3xe4 Nd7xe5
13.dxe5 Be7f8
14.Bc1b2 g6
15.Qe2e3 Bf8g7
16.f4 Qd8e7
17.g3 Re8d8
18.Bb2d4 a6
19.Bd4b6 Rd8d7
20.Ra1d1 Bg7f8
21.Kg2 Kh7
22.Rd1a1 Qe7e8
23.g4 Bf8e7
24.f5 exf5
25.gxf5 Be7g5
26.fxg6 fxg6
27.Qe3g3 Bg5d8
28.Bb6e3 Qe8g8
29.Ra1d1 Bd8e7
30.Qg3h3 h5
31.Rd1xd7 Bc8xd7
32.Qh3xd7 Qg8d8
33.Qd7xb7 Kg7
34.Qb7xc6 Ra8c8
35.Qc6xg6 Kh8
36.Qg6h6 Kg8
37.Qh6h7 
1-0

[Event "1/64 Finale"]
[Site "www.chess-mail.com"]
[Date "2015.07.20"]
[Round "1"]
[White "Samael"]
[Black "Knightjumper"]
[WhiteElo "2120"]
[BlackElo "1810"]
[Result "1-0"]
[Round "1"]
1.e4 Ng8f6
2.e5 Nf6d5
3.c4 Nd5b6
4.d4 d6
5.Nb1c3 dxe5
6.dxe5 Qd8xd1
7.Nc3xd1 Nb8c6
8.Bc1f4 e6
9.Ng1f3 Bf8b4
10.Nf3d2 Bc8d7
11.a3 Bb4xd2
12.Kxd2 Nc6d4
13.Kc3 Nd4c6
14.Bf4g3 Nc6e7
15.f4 Ne7f5
16.Bg3f2 Bd7c6
17.Rh1g1 h5
18.Nd1e3 Nf5xe3
19.Bf2xe3 O-O-O
20.Be3xb6  { time }
1-0

[Event "1/32 Finale"]
[Site "www.chess-mail.com"]
[Date "2015.07.20"]
[Round "1"]
[White "Manolinex"]
[Black "Osopanda"]
[WhiteElo "2710"]
[BlackElo "1990"]
[Result "1-0"]
[Round "1"]
1.e4 c5
2.Ng1f3 d6
3.d4 cxd4
4.Nf3xd4 Ng8f6
5.Nb1c3 a6
6.Bc1g5 e6
7.f4 Bf8e7
8.Qd1f3 Qd8c7
9.O-O-O O-O
10.Kb1 Nb8d7
11.Bf1e2 b5
12.Bg5xf6 Be7xf6
13.e5 Bc8b7
14.exd6 Bb7xf3
15.dxc7 Bf3xe2
16.Nd4xe2 Nd7c5
17.b4 Nc5b7
18.Rd1d7 Ra8c8
19.Rh1d1 a5
20.Nc3xb5 axb4
21.Nb5a7 Rc8a8
22.c8Q Ra8xa7
23.Qc8c7 Rf8a8
24.Rd7xf7 Ra7xa2
25.Rf7xf6 gxf6
26.Rd1d7 Ra2a1
27.Kb2 Ra8a2
28.Kb3 Nb7a5
29.Kxb4 Ra1b1
30.Kc3 Ra2a3
31.Kd2 { resign }
1-0

[Event "1/32 Finale"]
[Site "www.chess-mail.com"]
[Date "2015.07.20"]
[Round "1"]
[White "Osopanda"]
[Black "Gambitchess"]
[WhiteElo "1990"]
[BlackElo "1760"]
[Result "1-0"]
[Round "1"]
1.c4 g6
2.d4 Bf8g7
3.e4 d6
4.Nb1c3 Ng8f6
5.f4 O-O
6.Ng1f3 c5
7.Bc1e3 Nf6g4
8.Be3g1 cxd4
9.Nf3xd4 Nb8c6
10.Nd4xc6 bxc6
11.h3 Ng4f6
12.Qd1f3 Ra8b8
13.O-O-O Qd8a5
14.g4 Qa5b4
15.Rh1h2 Bc8a6
16.b3 Nf6xg4
17.Rh2c2 Ng4f6
18.e5 dxe5
19.fxe5 Nf6h5
20.Nc3e4 Rf8d8
21.Rd1xd8 Rb8xd8
22.Bg1c5 Qb4b7
{ time. }
1-0

[Event "1/16 Finale"]
[Site "www.chess-mail.com"]
[Date "2015.07.20"]
[Round "1"]
[White "Jaroslavpech"]
[Black "George1955"]
[WhiteElo "2390"]
[BlackElo "2640"]
[Result "0-1"]
[Round "1"]
1.e4 e5
2.Ng1f3 Nb8c6
3.Bf1b5 a6
4.Bb5a4 Ng8f6
5.O-O b5
6.Ba4b3 Bf8c5
7.a4 Bc8b7
8.d3 O-O
9.Nb1c3 Nc6a5
10.axb5 { time. }
0-1

[Event "1/128 Finale"]
[Site "www.chess-mail.com"]
[Date "2015.07.20"]
[Round "1"]
[White "Julian"]
[Black "Ssharp"]
[WhiteElo "1960"]
[BlackElo "2150"]
[Result "0-1"]
[Round "1"]
1.e4 e6
2.d4 d5
3.e5 c5
4.c3 Nb8c6
5.Ng1f3 Qd8b6
6.a3 Bc8d7
7.g4 cxd4
8.cxd4 Ng8e7
9.Nb1c3 Ne7g6
10.Bf1g2 Bf8e7
11.O-O Nc6a5
12.b4 Na5c4
13.Nc3a4 Bd7xa4
14.Qd1xa4 Qb6c6
15.Qa4xc6 bxc6
16.g5 Kd7
17.h4 h6
18.gxh6 Ng6xh4
19.Nf3xh4 Be7xh4
20.hxg7 Rh8h7
21.f4 Rh7xg7
22.Rf1f3 Ra8g8
23.Ra1a2 f5
24.exf6 Bh4xf6
25.f5 Bf6xd4
26.Kf1 exf5
27.Bc1h6 Rg7g6
28.Bh6f4 Rg8e8
29.Rf3h3 Re8e7
30.Rh3g3 Rg6xg3
31.Bf4xg3 Nc4e3
32.Kg1 Re7g7
33.Kh2 Ne3xg2
34.Ra2xg2 Rg7h7
{ resign }
0-1

[Event "1/64 Finale"]
[Site "www.chess-mail.com"]
[Date "2015.07.20"]
[Round "1"]
[White "Winterlude"]
[Black "Jaroslavpech"]
[WhiteElo "2520"]
[BlackElo "2390"]
[Result "1-0"]
[Round "1"]
1.e4 e5
2.f4 Bf8c5
3.Ng1f3 d6
4.Nb1c3 Ng8f6
5.Bf1c4 Nb8c6
6.d3 a6
7.Nc3d5 Nf6xd5
8.Bc4xd5 Bc8g4
9.c3 O-O
10.h3 Bg4e6
11.Bd5xc6 bxc6
12.f5 Be6d7
13.Qd1e2 Ra8b8
14.h4 f6
15.h5 h6
16.Nf3h4 Bd7e8
17.Qe2g4 Kh7
18.b4 { time. }
1-0

[Event "1/64 Finale"]
[Site "www.chess-mail.com"]
[Date "2015.07.20"]
[Round "1"]
[White "Maxlou"]
[Black "Badplayer"]
[WhiteElo "1670"]
[BlackElo "2160"]
[Result "1-0"]
[Round "1"]
1.d4 d5
2.Ng1f3 Ng8f6
3.Bc1f4 e6
4.e3 Bf8e7
5.Bf1d3 O-O
6.Nf3e5 Nb8d7
7.Nb1c3 a6
8.O-O c5
9.a3 cxd4
10.exd4 Qd8b6
11.Ne5f3 Be7d6
12.Qd1d2 Bd6xf4
13.Qd2xf4 Qb6xb2
14.Nc3a4 Qb2xa1
15.Rf1xa1 b5
16.Na4c5 Nd7xc5
17.dxc5 Bc8d7
18.Qf4d6 Rf8c8
19.Nf3e5 Bd7e8
20.c6 Ra8a7
21.a4 Be8xc6
22.Ne5xc6 { resign }
1-0

[Event "1/128 Finale"]
[Site "www.chess-mail.com"]
[Date "2015.07.20"]
[Round "1"]
[White "Badplayer"]
[Black "Julian"]
[WhiteElo "2160"]
[BlackElo "1930"]
[Result "1-0"]
[Round "1"]
1.e4 c5
2.Ng1f3 d6
3.d4 cxd4
4.Nf3xd4 Ng8f6
5.Nb1c3 a6
6.Bf1e2 e5
7.Nd4b3 Bc8e6
8.O-O Bf8e7
9.Bc1e3 Nb8d7
10.a4 O-O
11.a5 Ra8c8
12.Qd1d2 Rc8xc3
13.Qd2xc3 d5
14.exd5 Nf6xd5
15.Qc3e1 Nd5xe3
16.fxe3 Be6xb3
17.cxb3 Nd7c5
18.b4 Nc5b3
19.Ra1d1 Qd8c7
20.Rd1d3 Qc7c2
21.Rd3d7 Be7f6
22.Rd7xb7 Nb3d2
23.Rf1f2 Bf6g5
24.Be2xa6 Qc2c6
25.b5 Qc6h6
26.Rf2xd2 Bg5xe3
27.Rd2f2 Be3xf2
28.Qe1xf2 Qh6c1
29.Qf2f1 Qc1e3
30.Kh1 Qe3d2
31.b6 Qd2xa5
32.h3 e4
33.Ba6c4 e3
34.Rb7xf7 { resign }
1-0

[Event "1/4 Finale"]
[Site "www.chess-mail.com"]
[Date "2015.07.20"]
[Round "1"]
[White "Dorulristea"]
[Black "Stebac"]
[WhiteElo "2860"]
[BlackElo "2690"]
[Result "1-0"]
[Round "1"]
1.e4 d6
2.d4 Ng8f6
3.Nb1c3 g6
4.Ng1f3 Bf8g7
5.Bf1e2 O-O
6.O-O c6
7.a4 Nb8d7
8.a5 Qd8c7
9.h3 e5
10.dxe5 dxe5
11.Bc1e3 Rf8d8
12.Qd1b1 Nd7f8
13.Qb1a2 Bc8e6
14.Qa2a3 Nf6h5
15.Rf1d1 Nh5f4
16.Be2f1 Nf8d7
17.Qa3d6 Qc7xd6
18.Rd1xd6 Bg7f8
19.Rd6d2 f6
20.a6  { time }
1-0

[Event "1/8 Finale"]
[Site "www.chess-mail.com"]
[Date "2015.07.20"]
[Round "1"]
[White "Merlino23"]
[Black "Dorulristea"]
[WhiteElo "2720"]
[BlackElo "2860"]
[Result "0-1"]
[Round "1"]
1.e4 c5
2.Ng1f3 d6
3.d4 cxd4
4.Nf3xd4 Ng8f6
5.Nb1c3 a6
6.Bc1e3 e5
7.Nd4b3 Bc8e6
8.f3 Bf8e7
9.Qd1d2 O-O
10.O-O-O Nb8d7
11.g4 b5
12.Rh1g1 Nd7b6
13.Nb3a5 Ra8c8
14.g5 Nf6h5
15.Kb1 g6
16.Nc3d5 Nb6xd5
17.exd5 Be6xd5
18.Qd2xd5 Qd8xa5
19.Bf1d3 Kh8
 { time }
0-1

[Event "1/64 Finale"]
[Site "www.chess-mail.com"]
[Date "2015.07.20"]
[Round "1"]
[White "Generalfree"]
[Black "Badplayer"]
[WhiteElo "1940"]
[BlackElo "2160"]
[Result "0-1"]
[Round "1"]
1.e4 c5
2.d4 cxd4
3.Qd1xd4 Nb8c6
4.Qd4a4 g6
5.c3 Bf8g7
6.Bc1e3 Ng8f6
7.Nb1d2 O-O
8.Bf1d3 a6
9.f3 d6
10.b4 Bc8d7
11.b5 axb5
12.Qa4xb5 Qd8c8
13.Ng1e2 Nc6e5
14.Qb5b1 Ne5xd3
15.Qb1xd3 Qc8c7
16.O-O Bd7e6
17.c4 Rf8c8
18.Rf1c1 Nf6d7
19.Be3d4 Bg7h6
20.f4 Nd7c5
21.Bd4xc5 Qc7xc5
22.Kh1 Ra8a4
23.Nd2b3 Qc5a3
24.c5 Be6xb3
25.axb3 Qa3xa1
26.Rc1xa1 Ra4xa1
27.Ne2g1 Rc8xc5
28.g3 Rc5c1
29.Kg2 Rc1xg1
30.Kh3 Rg1b1
31.Qd3b5 Ra1a3
32.Qb5xb7 Bh6xf4
33.Qb7xe7 Rb1xb3
34.Qe7d8 Kg7
35.Kg4 Bf4xg3
36.hxg3 Rb3xg3
37.Kh4 h5
{ resign }
0-1

[Event "1/128 Finale"]
[Site "www.chess-mail.com"]
[Date "2015.07.20"]
[Round "1"]
[White "Chtoubidou"]
[Black "Derfel83"]
[WhiteElo "1920"]
[BlackElo "1820"]
[Result "0-1"]
[Round "1"]
1.e4 e6
2.d4 d5
3.Nb1d2 dxe4
4.Nd2xe4 Bc8d7
5.Ng1f3 Bd7c6
6.Qd1d3 Nb8d7
7.Bc1e3 Ng8f6
8.Ne4d2 Bf8d6
9.c4 b6
10.Bf1e2 O-O
11.Ra1c1 Nf6g4
12.O-O Bc6xf3
13.Be2xf3 Ng4xh2
14.Rf1e1 Nh2xf3
15.Nd2xf3 Nd7f6
16.Re1d1 h6
17.c5 bxc5
18.dxc5 Bd6e7
19.Nf3e5 Qd8xd3
20.Rd1xd3 Nf6d5
21.Ne5c6 a5
22.Nc6xe7 Nd5xe7
23.Rd3d7 Ne7d5
24.a3 Rf8d8
25.Rd7xd8 Ra8xd8
26.c6 Nd5xe3
27.fxe3 Rd8d2
28.b4 axb4
29.axb4 Rd2d3
30.Kf2 f5
31.Rc1c4 g5
32.Ke2 Rd3b3
33.e4 f4
34.Rc4d4 g4
35.e5 f3
36.gxf3 gxf3
37.Kf2 h5
38.Rd4h4 Kg7
39.Rh4xh5 Rb3xb4
40.Kxf3 Rb4c4
41.Rh5g5 Kf7
42.Rg5h5 Rc4xc6
43.Rh5h7 Kg6
44.Rh7e7 Kf5
{ resign }
0-1

[Event "1/16 Finale"]
[Site "www.chess-mail.com"]
[Date "2015.07.20"]
[Round "1"]
[White "Rocadamica"]
[Black "Bevittsmith"]
[WhiteElo "2780"]
[BlackElo "2260"]
[Result "1-0"]
[Round "1"]
1.c4 e5
2.Nb1c3 Ng8f6
3.Ng1f3 Nb8c6
4.g3 d5
5.cxd5 Nf6xd5
6.Bf1g2 Nd5xc3
7.bxc3 Bf8e7
8.O-O O-O
9.Ra1b1 Ra8b8
10.d4 exd4
11.Nf3xd4 Nc6xd4
12.cxd4 Qd8d7
13.Qd1d3 b6
14.Bc1f4 Be7d6
15.Bf4xd6 Qd7xd6
16.Rb1c1 Bc8b7
17.Bg2xb7 Rb8xb7
18.Qd3f3 Rf8b8
19.d5 b5
20.Rc1c6 Qd6e5
21.Rf1c1 h6
22.Rc1c5 Qe5a1
23.Kg2 Qa1xa2
24.d6 cxd6
25.Rc6c8 Kh7
26.Qf3e4 g6
27.Qe4e8 { resign }
1-0

[Event "1/16 Finale"]
[Site "www.chess-mail.com"]
[Date "2015.07.20"]
[Round "1"]
[White "Pispindroi"]
[Black "Calulalb"]
[WhiteElo "2750"]
[BlackElo "2770"]
[Result "0-1"]
[Round "1"]
1.Ng1f3 c5
2.c4 Ng8f6
3.g3 b6
4.Bf1g2 Bc8b7
5.O-O e6
6.Nb1c3 Bf8e7
7.d4 cxd4
8.Qd1xd4 d6
9.h3 O-O
10.b3 a6
11.Bc1b2 Qd8c7
12.Rf1d1 Nb8d7
13.Ra1c1 Ra8c8
14.e4 Rf8d8
15.Qd4e3 Nd7c5
16.Nf3d4 Be7f8
17.f4 Qc7b8
18.f5 Rd8e8
19.g4 Nf6d7
20.Rd1f1 Nd7e5
21.Rc1d1 d5
22.fxe6 dxe4
23.Nc3xe4 Nc5xe4
24.Bg2xe4 Bb7xe4
25.Qe3xe4 fxe6
26.Nd4e2 Bf8c5
27.Kh1 Ne5g6
28.Rd1d7 Re8e7
29.Rd7xe7 Ng6xe7
30.Qe4xe6 Kh8
31.Rf1f7 Rc8g8
 { time }
0-1

[Event "1/32 Finale"]
[Site "www.chess-mail.com"]
[Date "2015.07.20"]
[Round "1"]
[White "Fanny33"]
[Black "Julian"]
[WhiteElo "2760"]
[BlackElo "1940"]
[Result "1-0"]
[Round "1"]
1.e4 c5
2.Nb1c3 d6
3.g3 Nb8c6
4.Bf1g2 e6
5.d3 Ng8e7
6.Ng1h3 g6
7.O-O Bf8g7
8.Bc1e3 O-O
9.Qd1d2 f5
10.Be3h6 Nc6d4
11.Bh6xg7 Kxg7
12.exf5 Ne7xf5
13.Nc3e4 b5
14.Ra1e1 Bc8b7
15.c3 Nd4c6
16.Ne4g5 Rf8f6
17.Ng5xe6 Rf6xe6
18.Re1xe6 Qd8c7
19.Nh3g5 h6
20.g4 hxg5
{ time. }
1-0

[Event "1/32 Finale"]
[Site "www.chess-mail.com"]
[Date "2015.07.20"]
[Round "1"]
[White "Rocadamica"]
[Black "Vega"]
[WhiteElo "2780"]
[BlackElo "2510"]
[Result "0-1"]
[Round "1"]
1.e4 e5
2.Ng1f3 Nb8c6
3.Bf1b5 a6
4.Bb5a4 Ng8f6
5.O-O b5
6.Ba4b3 Bf8d6
7.d4 Bc8b7
8.Rf1e1 O-O
9.c3 h6
10.Nb1d2 Rf8e8
11.Bb3c2 Qd8c8
12.h3 Qc8b8
13.a3 Bd6f8
14.Nf3xe5 Nc6xe5
15.dxe5 Re8xe5
16.Nd2f3 Re5xe4
17.Bc2xe4 Bb7xe4
18.Nf3e5 d5
19.Ne5g4 Nf6xg4
20.Qd1xg4 Qb8c8
21.Qg4g3 Ra8b8
22.f3 Be4f5
23.Bc1xh6 Rb8b6
24.Bh6f4 Rb6g6
25.Qg3h4 Bf5xh3
26.Re1e2 Qc8d7
27.Ra1e1 d4
28.Re2e8 f6
 { time }
0-1

[Event "1/64 Finale"]
[Site "www.chess-mail.com"]
[Date "2015.07.20"]
[Round "1"]
[White "Wildsmokey"]
[Black "Maredocla"]
[WhiteElo "2060"]
[BlackElo "2080"]
[Result "0-1"]
[Round "1"]
1.e4 c5
2.Ng1f3 Nb8c6
3.d4 cxd4
4.Nf3xd4 d6
5.Bf1e2 g6
6.Nb1c3 Bf8g7
7.Bc1e3 Ng8f6
8.O-O O-O
9.Qd1d2 Bc8d7
10.f4 Nf6g4
11.Be2xg4 Bd7xg4
12.f5 gxf5
13.exf5 Nc6xd4
14.Be3xd4 e5
15.Bd4e3 f6
16.Qd2d5 Rf8f7
17.h3 Bg4xh3
18.gxh3 b6
19.Nc3e4 Ra8c8
20.Ne4xd6 Rc8c7
21.Qd5e6 Rc7e7
22.Nd6xf7 Re7xf7
23.Ra1d1 Qd8c7
 { time }
0-1

[Event "1/128 Finale"]
[Site "www.chess-mail.com"]
[Date "2015.07.20"]
[Round "1"]
[White "Maredocla"]
[Black "Calulalb"]
[WhiteElo "2080"]
[BlackElo "2770"]
[Result "0-1"]
[Round "1"]
1.g3 e5
2.Bf1g2 d5
3.e3 Ng8f6
4.b3 Nb8c6
5.d3 Bf8b4
6.Bc1d2 Bb4c5
7.Ng1e2 O-O
8.O-O Bc8e6
9.a3 Qd8d7
10.Nb1c3 a6
11.b4 Bc5a7
12.Kh1 Rf8e8
13.Ra1b1 h6
14.Ne2g1 Ra8d8
15.Qd1e1 d4
16.Nc3e4 Nf6xe4
17.Bg2xe4 f5
18.Be4g2 e4
19.dxe4 Be6c4
20.Ng1e2 d3
21.cxd3 Qd7xd3
22.Ne2d4 Nc6xd4
23.exd4 Ba7xd4
24.Bd2e3 Qd3xa3
25.Rf1g1 { time. }
0-1

[Event "1/16 Finale"]
[Site "www.chess-mail.com"]
[Date "2015.07.20"]
[Round "1"]
[White "Pispindroi"]
[Black "Rocadamica"]
[WhiteElo "2750"]
[BlackElo "2780"]
[Result "0-1"]
[Round "1"]
1.e4 c5
2.Ng1f3 d6
3.d4 cxd4
4.Nf3xd4 Ng8f6
5.Nb1c3 Nb8c6
6.Bc1e3 e6
7.Bf1e2 Bf8e7
8.O-O O-O
9.f4 a6
10.Be2f3 Qd8c7
11.Qd1e1 Bc8d7
12.Qe1f2 b5
13.g4 Nc6xd4
14.Be3xd4 Bd7c6
15.g5 Nf6d7
16.h4 b4
17.Nc3e2 e5
18.Bd4e3 Nd7c5
19.Qf2g2 exf4
20.Be3xf4 Qc7b7
21.Ne2g3 Nc5d7
22.Ng3f5 Nd7e5
23.Bf4xe5 dxe5
24.Nf5xe7 Qb7xe7
25.Ra1d1 Ra8c8
26.Kh2 h6
27.Bf3g4 Rc8d8
28.gxh6 Qe7xh4
{ resign }
0-1

[Event "1/32 Finale"]
[Site "www.chess-mail.com"]
[Date "2015.07.20"]
[Round "1"]
[White "Bluetealeaf"]
[Black "Pispindroi"]
[WhiteElo "1750"]
[BlackElo "2750"]
[Result "0-1"]
[Round "1"]
1.e4 c5
2.Ng1f3 d6
3.Bf1d3 Nb8c6
4.O-O Ng8f6
5.h3 g5
6.Nf3xg5 Rh8g8
7.f4 h6
8.Ng5f3 Bc8xh3
9.Nf3g5 hxg5
10.gxh3 gxf4
11.Kh2 d5
12.Rf1xf4 Qd8b8
13.Qd1f1 Bf8h6
14.e5 Bh6xf4
15.Qf1xf4 Nf6h5
16.Qf4f5 Nc6xe5
17.Bd3b5 Ne5d7
18.Kh1 Nh5g3
{ resign }
0-1